Dove giocava nel 2010-2011? - Quiz n°33 - Statistics

Statistiche generali
  • Questo quiz è stato fatto 30 volte
  • Il punteggio medio è 7 su 10
Statistiche sulle risposte
Hint Risposta % Corretto
Pedro Barcellona
91%
Nani Manchester United
86%
Nicola Pozzi Sampdoria
86%
Angelo Ogbonna Torino
82%
Víctor Ibarbo Atlético Nacional
77%
Shinji Kagawa Borussia Dortmund
68%
José Luis Palomino San Lorenzo
68%
Adel Taarabt QPR
59%
Axel Witsel Standard Liegi
55%
Nicola Sansone Bayern Monaco II
36%
Nessun quiz corrispondente trovato
Distribuzione punteggi
Percentuale di utenti per punteggio
Percentile per numero di risposta
I tuoi punteggi nel tempo
Non hai fatto questo quiz